Từ điển Quản trị doanh nghiệp /
Zapisane w:
| Kolejni autorzy: | |
|---|---|
| Format: | Książka |
| Język: | Vietnamese |
| Wydane: |
Hà Nội :
Thống kê,
1998.
|
| Hasła przedmiotowe: | |
| Etykiety: |
Dodaj etykietę
Nie ma etykietki, Dołącz pierwszą etykiete!
|
| Thư viện lưu trữ: | Mạng thư viện Đại học Đà Nẵng |
|---|
| LEADER | 00878cam a2200337 i 4500 | ||
|---|---|---|---|
| 001 | 000046577 | ||
| 003 | 6075 | ||
| 005 | 20030917122508.0 | ||
| 008 | 010307b1998 vm 000 vie | ||
| 020 | |c 52000 | ||
| 022 | |a T | ||
| 040 | |a IRC |c IRC |d IRC | ||
| 041 | 1 | |a vie | |
| 082 | 1 | 4 | |a 658.03 |b Tư-Đ |
| 245 | 0 | 0 | |a Từ điển Quản trị doanh nghiệp / |c Khải Hoàn biên dịch. |
| 260 | |a Hà Nội : |b Thống kê, |c 1998. | ||
| 300 | |a 492tr. ; |c 20.5cm. | ||
| 630 | 0 | 4 | |a Từ điển. |
| 630 | 0 | 4 | |a Quản trị doanh nghiệp. |
| 650 | 0 | 4 | |a Quản trị doanh nghiệp |v Từ điển. |
| 700 | 1 | |a Khải Hoàn, |e dịch. | |
| OWN | |a DUT | ||
| 999 | |a From the UDN01 | ||
| TYP | |a Monograph | ||
| TYP | |a Printed language | ||
| 980 | |a Mạng thư viện Đại học Đà Nẵng | ||